Loading...
| Current Events/Geography | 1 | 10.00 | 100% | 0% | 0% |
| Fine Arts - Classical Music | 6 | 21.67 | 100% | 67% | 50% |
| Fine Arts - Other Fine Arts | 7 | 22.86 | 86% | 86% | 57% |
| Fine Arts - Visual Fine Arts | 5 | 26.00 | 100% | 100% | 60% |
| Geography/Current Events | 4 | 22.50 | 75% | 100% | 50% |
| History - American History | 7 | 20.00 | 100% | 86% | 14% |
| History - European History | 6 | 15.00 | 83% | 50% | 17% |
| History - Other History | 7 | 12.86 | 71% | 43% | 14% |
| History - World History | 8 | 18.75 | 100% | 75% | 13% |
| Literature - American Literature | 6 | 21.67 | 100% | 50% | 67% |
| Literature - British Literature | 8 | 21.25 | 100% | 88% | 25% |
| Literature - European Literature | 8 | 18.75 | 100% | 63% | 25% |
| Literature - World/Other Literature | 6 | 21.67 | 100% | 83% | 33% |
| Mythology | 6 | 25.00 | 100% | 83% | 67% |
| Other Academic | 1 | 20.00 | 100% | 100% | 0% |
| Philosophy | 8 | 22.50 | 100% | 88% | 38% |
| Pop Culture | 1 | 30.00 | 100% | 100% | 100% |
| Religion | 6 | 16.67 | 100% | 33% | 33% |
| Science - Biology | 3 | 20.00 | 100% | 100% | 0% |
| Science - Chemistry | 5 | 20.00 | 100% | 60% | 40% |
| Science - Other Science | 6 | 26.67 | 100% | 83% | 83% |
| Science - Physics | 5 | 24.00 | 100% | 80% | 60% |
| Social Science | 5 | 22.00 | 100% | 80% | 40% |
| World/Other Literature> | 1 | 10.00 | 100% | 0% | 0% |